| 000 | 02317nam0a2200421 4500 | ||
|---|---|---|---|
| 001 | RU\NLR\BIBL_A\012450895 | ||
| 005 | 20260405162128.0 | ||
| 010 |
_a978-5-94375-281-0 _9200 |
||
| 021 |
_aRU _b2020-62266 _9КН-П-4678 |
||
| 035 | _a(RuMoRGB)010445100 | ||
| 035 | _a(NLR Aleph) 012450895 | ||
| 090 |
_a11974987 _c11974987 |
||
| 100 | _a20210211d2019 |||y0rusy50 ca | ||
| 101 | 0 |
_arus _deng |
|
| 102 | _aRU | ||
| 105 | _aab||z|||000zy | ||
| 181 | 0 |
_ai _baxxe |
|
| 182 | 0 | _an | |
| 200 | 1 |
_aСредневековый могильник Шизе-IV в Западном Закубанье _dMedieval burial ground Shize-IV in Western Trans-Kuban region _e[монография] _fУ. Ю. Кочкаров, П. С. Успенский _gРоссийская академия наук, Институт археологии _zeng |
|
| 203 |
_aТекст _bвизуальный _cнепосредственный |
||
| 210 |
_aМосква _cИА РАН _d2019 |
||
| 215 |
_a162 с. _cил., цв. ил., карт., табл. _d31 |
||
| 225 | 1 |
_aТруды Северо-Кавказской (Донской) археологической экспедиции _dProceedings of Severo-Kavkazskya (Donskaya) Arhaeological Expedition _vт. 2 |
|
| 300 | _aАвт. также на англ. яз.: U. Yu. Kochkarov, P. S. Uspensky | ||
| 300 | _aРез. англ. | ||
| 320 | _aБиблиогр.: с. 155-161 | ||
| 510 | 1 |
_6z11 _6z11790 _aMedieval burial ground Shize-IV in Western Trans-Kuban region _zeng |
|
| 607 |
_aШизе-IV, курганный могильник (Кубань) _xАрхеологические исследования _92472054 _3RU\NLR\AUTH\6601685105 |
||
| 686 | 1 | _aТ4(2)44-431.1 | |
| 700 | 1 |
_8rus _7ca _aКочкаров _bУ. Ю. _gУмар Юсуфович _3RU\NLR\AUTH\7768476 _951404 |
|
| 701 | 1 |
_7ca _8rus _aУспенский _bП. С. _cканд. ист. наук _f1988- _gПавел Сергеевич _9246119 _3RU\NLR\AUTH\770246175 |
|
| 790 | 1 |
_8rus _7ba _aKočkarov _bU. J. _gUmar Jusufovič _3RU\NLR\AUTH\7768477 _951405 |
|
| 790 | 1 |
_7ba _8rus _aUspenskij _bP. S. _cканд. ист. наук _f1988- _gPavel Sergeevič _9246121 _3RU\NLR\AUTH\770246177 |
|
| 942 | _cBOOK | ||
| 980 | _aNBR | ||
| 980 | _aNB | ||